Chẩn đoán và điều trị những bệnh cơ xương khớp thường gặp
Nội dung tài liệu tương đối hoàn chỉnh về các bệnh lý nội khoa vê cơ xương khớp, giúp cho các bác sỹ, sinh viên y khoa trong thực hành lâm sàng chẩn đoán, điều trị bệnh cơ xương khớp thường gặp có hiệu quả hơn....
Saved in:
| Main Author: | |
|---|---|
| Format: | Book |
| Language: | Vietnamese |
| Published: |
H.
Y học
2016
|
| Edition: | Tái bản lần thứ hai có sữa chữa và bổ sung |
| Subjects: | |
| Tags: |
Add Tag
No Tags, Be the first to tag this record!
|
| Institutions: | Thư viện Trường Đại học Nam Cần Thơ |
|---|
| LEADER | 02046nam a22002777a 4500 | ||
|---|---|---|---|
| 001 | NCT_32605 | ||
| 008 | 180423b xxu||||| |||| 00| 0 vie d | ||
| 999 | |c 1568 |d 1568 | ||
| 020 | |a 9786046618270 |c 77000 | ||
| 082 | 0 | 4 | |2 23rd ed. |a 616.7 |b Th523 |
| 100 | 1 | |a Vũ Thị Thanh Thủy | |
| 245 | 1 | 0 | |a Chẩn đoán và điều trị những bệnh cơ xương khớp thường gặp |c Vũ Thị Thanh Thủy |
| 250 | |a Tái bản lần thứ hai có sữa chữa và bổ sung | ||
| 260 | |a H. |b Y học |c 2016 | ||
| 300 | |a 315tr. |b minh họa |c 21cm | ||
| 500 | |a ĐTTS ghi: Bệnh viện Bạch Mai | ||
| 520 | 3 | |a Nội dung tài liệu tương đối hoàn chỉnh về các bệnh lý nội khoa vê cơ xương khớp, giúp cho các bác sỹ, sinh viên y khoa trong thực hành lâm sàng chẩn đoán, điều trị bệnh cơ xương khớp thường gặp có hiệu quả hơn. | |
| 653 | |a Y đa khoa | ||
| 942 | |2 ddc |c BK | ||
| 952 | |0 0 |1 0 |2 ddc |4 0 |6 616_700000000000000_TH523 |7 0 |9 7551 |a 000001 |b 000001 |d 2018-04-23 |o 616.7 Th523 |p MD.10729 |r 2018-04-23 |v 77000.00 |w 2018-04-23 |y BK | ||
| 952 | |0 0 |1 0 |2 ddc |4 0 |6 616_700000000000000_TH523 |7 0 |9 7552 |a 000001 |b 000001 |d 2018-04-23 |o 616.7 Th523 |p MD.12032 |r 2018-04-23 |v 77000.00 |w 2018-04-23 |y BK | ||
| 952 | |0 0 |1 0 |2 ddc |4 0 |6 616_700000000000000_TH523 |7 0 |9 7553 |a 000001 |b 000001 |d 2018-04-23 |l 1 |o 616.7 Th523 |p MD.12033 |r 2018-12-13 |s 2018-11-30 |v 77000.00 |w 2018-04-23 |y BK | ||
| 952 | |0 0 |1 0 |2 ddc |4 0 |6 616_700000000000000_TH523 |7 0 |9 7554 |a 000001 |b 000001 |d 2018-04-23 |l 1 |o 616.7 Th523 |p MD.12034 |r 2019-10-02 |s 2019-09-16 |v 77000.00 |w 2018-04-23 |y BK | ||
| 952 | |0 0 |1 0 |2 ddc |4 0 |6 616_700000000000000_TH523 |7 0 |9 7555 |a 000001 |b 000001 |d 2018-04-23 |o 616.7 Th523 |p MD.12035 |r 2018-04-23 |v 77000.00 |w 2018-04-23 |y BK | ||
| 952 | |0 0 |1 0 |2 ddc |4 0 |6 616_700000000000000_TH523 |7 0 |9 7556 |a 000001 |b 000001 |d 2018-04-23 |l 1 |o 616.7 Th523 |p MD.12036 |r 2019-10-02 |s 2019-09-10 |v 77000.00 |w 2018-04-23 |y BK | ||
| 980 | |a Thư viện Trường Đại học Nam Cần Thơ | ||


